The Body In Portuguese Vocabulary Words - Statistics

General Stats
  • This quiz has been taken 65 times
  • The average score is 17 of 24
Answer Stats
English Português % Correct
foot
98%
mouth boca
95%
arm braço
93%
head cabeça
93%
nose nariz
90%
hand mão
88%
heart coração
85%
finger dedo
85%
eye olho
85%
hair cabelo
80%
leg perna
76%
tongue língua
71%
shoulder ombro
71%
lip lábio
68%
knee joelho
66%
ear orelha
66%
bone osso
66%
back costas
63%
chest peito
63%
nail unha
63%
elbow cotovelo
51%
lung pulmão
46%
kidney rim
39%
hip quadril
20%
No matching quizzes found
Score Distribution
Percent of People with Each Score
Percentile by Number Answered
Your Score History
You have not taken this quiz